Sports Quiz

Random Sports or Baseball Quiz
Score 0/30 Timer 07:00
0 Plays Today
Winning % Franchise % Correct
????
100%
????
83.3%
????
76.9%
????
70%
????
67.5%
????
54.5%
????
49.6%
????
44.9%
????
42.3%
????
38.4%
????
36.6%
????
34.3%
????
30.7%
????
27.1%
????
24.5%
Winning % Franchise % Correct
????
22%
????
20.2%
????
19.1%
????
17.3%
????
15.3%
????
14.2%
????
13.4%
????
11.9%
????
10.9%
????
9.7%
????
8.9%
????
8.5%
????
8%
????
7.6%
????
7.3%
Remove Ads.
Support Sporcle.
Get the best of Sporcle when you Go Orange. This ad-free experience offers more features, more stats, and more fun while also helping to support Sporcle. Thank you for becoming a member.

You're not logged in!

Compare scores with friends on all Sporcle quizzes.
OR
Log In

Show Comments

Extras

Created Oct 16, 2010ReportNominate
Tags:Baseball Quiz, MLB Quiz

Top Quizzes Today


Score Distribution

Your Account Isn't Verified!

In order to create a playlist on Sporcle, you need to verify the email address you used during registration. Go to your Sporcle Settings to finish the process.

Report this User

Report this user for behavior that violates our Community Guidelines.

Details: